Mind muscle moksha / (Record no. 166365)

MARC details
000 -LEADER
fixed length control field 00519nam a22001817a 4500
005 - DATE AND TIME OF LATEST TRANSACTION
control field 20190722143940.0
010 ## - LCCN (DPL NO)
LC control number ENG-126038
020 ## - INTERNATIONAL STANDARD BOOK NUMBER
International Standard Book Number 9789386473554
Terms of availability 750.00
035 ## - SYSTEM CONTROL NUMBER
System control number EN-109570
037 ## - SOURCE OF ACQUISITION
Source of stock number/acquisition DBAD/PUB
082 ## - DEWEY DECIMAL CLASSIFICATION NUMBER
Classification number 796.4
100 ## - MAIN ENTRY--PERSONAL NAME
Personal name Lakshmi Kumar
245 ## - TITLE STATEMENT
Title Mind muscle moksha /
Statement of responsibility, etc by Lakshmi Kumar
260 ## - PUBLICATION, DISTRIBUTION, ETC. (IMPRINT)
Place of publication, distribution, etc New Delhi
Name of publisher, distributor, etc Vitasta Publishing
Date of publication, distribution, etc 2019
270 ## - ADDRESS
Address 2/15, Ansari Road
City Daryaganj, New Delhi
Postal code 110002
300 ## - PHYSICAL DESCRIPTION
Extent xxv,238p.
Dimensions 22cm(pbk)
942 ## - ADDED ENTRY ELEMENTS (KOHA)
Source of classification or shelving scheme Dewey Decimal Classification
Item type English Books
Classification part 796.4
Call number suffix LAK
Holdings
Withdrawn status Lost status Not for loan Collection code Home library Current library Date acquired Source of acquisition Cost, normal purchase price Full call number Barcode Copy number Cost, replacement price Koha item type
      Non-fiction Central Library Central Library 22/07/2019 DBAD/PUB 750.00 796.4 LAK EN-109570 1 750.00 English Books

© Delhi Public Library
Hit Counter
free hit counter